Knowing and Doing : The Theory and Practice of Service-Learning : A Festschrift Written by Colleagues around the World in Honor of Howard A. Berry, together with a Selection of His Speeches and Papers /

Obra en homenaje a Howard A. Berry, pedagogo norteamericano, pionero de la educación internacional y presidente de la International Partnership for Service-Learning, en que se aborda su propuesta metodológica. Se trata de vincular el estudio académico con el servicio comunitario, de tal manera que s...

ver descrição completa

Na minha lista:
Detalhes bibliográficos
Autor principal: Chisholm, Linda A. (ed.)
Formato: Livro
Idioma:inglês
Publicado em: Nueva York, EUA : International Partnership for Service-Learning and Leadership, 2005, c2005
Assuntos:
Tags: Adicionar Tag
Sem tags, seja o primeiro a adicionar uma tag!

MARC

LEADER 00000nam^a2200000^a^4500
001 000187077
005 20250521000000.0
009 20260310102247.674
020 |a 0-9701984-7-7 
037 |a Acervo ITESO - Biblioteca 
041 |a ING 
082 |a 371. 39  |b CHI 
100 |a Chisholm, Linda A.  |e (ed.) 
245 1 0 |a Knowing and Doing :  |b The Theory and Practice of Service-Learning : A Festschrift Written by Colleagues around the World in Honor of Howard A. Berry, together with a Selection of His Speeches and Papers /  |c Ed. de L.A. Chisholm. 
264 4 |a Nueva York, EUA :  |b International Partnership for Service-Learning and Leadership,  |c 2005, c2005 
300 |a 347 p. 
336 |a texto  |b txt  |2 rdacontenido 
337 |a sin mediación  |b n  |2 rdamedio 
338 |a volumen  |b nc  |2 rdasoporte 
520 |a Obra en homenaje a Howard A. Berry, pedagogo norteamericano, pionero de la educación internacional y presidente de la International Partnership for Service-Learning, en que se aborda su propuesta metodológica. Se trata de vincular el estudio académico con el servicio comunitario, de tal manera que se ambos se refuercen mutuamente. Probado durante 15 años, esta metodología educativa ha mostrado por un lado, que ayuda a desarrollar destrezas tales como el liderazgo y, por otro, fomenta el compromiso de los alumnos hacia el trabajo social. 
649 |a XX 
650 |a Educadores Norteamericanos -  |x Homenajes 
650 |a Servicio Social 
650 |a Trabajo Social 
650 |a Comunidad y Escuela 
650 |a Educación y Sociedad 
650 |a Aprendizaje mediante la Práctica 
650 |a Metodología Educativa 
650 |a Proceso Educativo 
650 |a Sociología de la Educación 
650 |a Educación 
650 |a Berry, Howard A. 
910 |a Fondo General 
920 |a Impresos - Libros 
930 |a Colección General 
905 |a 101 
901 |a 0500128966  |b IT1  |c ACC  |u 20250521 
902 |a https://opac.biblio.iteso.mx/vufind/Record/000187077